000 00327nam a2200145Ia 4500
100 _aRoalman/A.R
650 _aGeneral
942 _cBK
654 _aPublic Relations
245 _aProfitable Public Relations
260 _bTaraporevala Publshing Industries
_c2001
082 _a659.2
300 _a240
546 _aENGLISH
999 _c27320
_d27320